000 00205 a2200097 4500
020 _a9789582407148
041 _aspa
100 _aMiryam Dionicio Torres
245 _aHerramientas Del Lenguaje
942 _cBK
999 _c15333
_d15333